| Tag |
First Indicator |
Second Indicator |
Subfields |
| LEADER |
00000cam a2200000 i 4500 |
| 001 |
in00004275521 |
| 005 |
20211120105456.0 |
| 006 |
m o d f |
| 007 |
cr bn||||||||| |
| 008 |
161219s1990 nduabf ob f000 0 eng d |
| 035 |
|
|
|a (OCoLC)ocn966434833
|
| 043 |
|
|
|a n-us-nd
|a n-us-mn
|
| 040 |
|
|
|a COP
|b eng
|e rda
|e pn
|c COP
|d OCLCO
|d OCLCF
|d GPO
|d MvI
|
| 049 |
|
|
|a WWW
|
| 074 |
|
|
|a 0624-B-05 (online)
|
| 086 |
0 |
|
|a I 19.42/4:90-4167
|
| 100 |
1 |
|
|a Guenthner, R. Scott,
|e author.
|
| 245 |
1 |
0 |
|a Gaged and estimated monthly streamflow during 1931-84 for selected sites in the Red River of the North basin in North Dakota and Minnesota /
|c by R. Scott Guenthner, Jay F. Weigel, and Douglas G. Emerson.
|
| 264 |
|
1 |
|a Bismarck, North Dakota :
|b U.S. Geological Survey,
|c 1990.
|
| 300 |
|
|
|a 1 online resource (vi, 230 pages) :
|b illustrations, maps +
|e 1 plate.
|
| 336 |
|
|
|a text
|b txt
|2 rdacontent
|
| 337 |
|
|
|a computer
|b c
|2 rdamedia
|
| 338 |
|
|
|a online resource
|b cr
|2 rdacarrier
|
| 490 |
1 |
|
|a Water-resources investigations report ;
|v 90-4167
|
| 500 |
|
|
|a Chiefly tables.
|
| 500 |
|
|
|a "Prepared in cooperation with U.S. Bureau of Reclamation."
|
| 504 |
|
|
|a Includes bibliographical references (pages 51-52).
|
| 588 |
|
|
|a Description based on online resource; title from PDF title page (USGS viewed Oct. 2, 2015).
|
| 650 |
|
0 |
|a Stream measurements
|z Red River of the North.
|
| 650 |
|
0 |
|a Stream measurements
|z North Dakota.
|
| 650 |
|
0 |
|a Stream measurements
|z Minnesota.
|
| 650 |
|
7 |
|a Stream measurements.
|2 fast
|0 (OCoLC)fst01134581
|
| 651 |
|
7 |
|a United States
|z Red River of the North.
|2 fast
|0 (OCoLC)fst01240411
|
| 700 |
1 |
|
|a Weigel, Jay F.,
|e author.
|
| 700 |
1 |
|
|a Emerson, Douglas G.,
|e author.
|
| 710 |
2 |
|
|a Geological Survey (U.S.),
|e issuing body.
|
| 710 |
1 |
|
|a United States.
|b Bureau of Reclamation.
|
| 776 |
0 |
8 |
|i Print version:
|a Guenthner, R. Scott.
|t Gaged and estimated monthly streamflow during 1931-84 for selected sites in the Red River of the North basin in North Dakota and Minnesota
|w (OCoLC)23456333
|
| 830 |
|
0 |
|a Water-resources investigations report ;
|v 90-4167.
|
| 856 |
4 |
0 |
|u https://purl.fdlp.gov/GPO/gpo137204
|t 0
|
| 999 |
f |
f |
|s 10ad4414-43a6-3c48-848b-1e5eae861ac2
|i 19382b9a-99bb-38d8-a9a5-2a27ce0cfb69
|t 0
|
| 952 |
f |
f |
|a Texas A&M University
|b College Station
|c Electronic Resources
|d Available Online
|t 0
|e I 19.42/4:90-4167
|h Superintendent of Documents classification
|
| 998 |
f |
f |
|a I 19.42/4:90-4167
|t 0
|l Available Online
|